000 00431nam a2200169Ia 4500
999 _c29069
_d29069
003 OSt
005 20260617170657.0
008 250310s9999||||xx |||||||||||||| ||und||
040 _c.
082 _a891.43
_bC4958
100 _96135
_aChaturvedi, Satya Dev
245 0 _aAkbar birbal ke rochak prasang /
_cSatya Dev Chaturvedi
260 _aVaranasi :
_bAkshar plant,
_c2006.
300 _a45 p.
942 _cBK
_2ddc
041 _ahin